<?xml version="1.0" encoding="UTF-8"?>
<record
    xmlns:xsi="http://www.w3.org/2001/XMLSchema-instance"
    xsi:schemaLocation="http://www.loc.gov/MARC21/slim http://www.loc.gov/standards/marcxml/schema/MARC21slim.xsd"
    xmlns="http://www.loc.gov/MARC21/slim">

  <leader>02749cam a2200421 a 4500</leader>
  <controlfield tag="001">10393640</controlfield>
  <controlfield tag="003">DFJGHKTYF</controlfield>
  <controlfield tag="005">20220326193248.0</controlfield>
  <controlfield tag="008">130308s2013    nyua          001 0 eng d</controlfield>
  <datafield tag="020" ind1=" " ind2=" ">
    <subfield code="a">9781938922015</subfield>
  </datafield>
  <datafield tag="020" ind1=" " ind2=" ">
    <subfield code="a">1938922018</subfield>
  </datafield>
  <datafield tag="035" ind1=" " ind2=" ">
    <subfield code="a">(OCoLC)ocn833340992</subfield>
  </datafield>
  <datafield tag="035" ind1=" " ind2=" ">
    <subfield code="a">(OCoLC)833340992</subfield>
  </datafield>
  <datafield tag="035" ind1=" " ind2=" ">
    <subfield code="a">(NNC)10393640</subfield>
  </datafield>
  <datafield tag="040" ind1=" " ind2=" ">
    <subfield code="a">ERASA</subfield>
    <subfield code="b">eng</subfield>
    <subfield code="c">CNNGC</subfield>
    <subfield code="d">NNC</subfield>
  </datafield>
  <datafield tag="082" ind1=" " ind2=" ">
    <subfield code="a">702</subfield>
    <subfield code="b">UL45d</subfield>
  </datafield>
  <datafield tag="090" ind1=" " ind2=" ">
    <subfield code="a">N6494 C63 D6 2013</subfield>
  </datafield>
  <datafield tag="245" ind1="0" ind2="0">
    <subfield code="a">Do it :</subfield>
    <subfield code="b">the compendium /</subfield>
    <subfield code="c">edited by Hans Ulrich Obrist ; in collaboration with Independent Curators International.</subfield>
  </datafield>
  <datafield tag="246" ind1="3" ind2="0">
    <subfield code="a">Hans Ulrich Obrist : do it : the compendium</subfield>
  </datafield>
  <datafield tag="260" ind1=" " ind2=" ">
    <subfield code="a">New York :</subfield>
    <subfield code="b">Independent Curators International :</subfield>
    <subfield code="b">Distributed Art Publishers</subfield>
    <subfield code="c">2013.</subfield>
  </datafield>
  <datafield tag="300" ind1=" " ind2=" ">
    <subfield code="a">448 p. :</subfield>
    <subfield code="b">ill. ;</subfield>
    <subfield code="c">26 cm.</subfield>
  </datafield>
  <datafield tag="500" ind1=" " ind2=" ">
    <subfield code="a">Includes index.</subfield>
  </datafield>
  <datafield tag="505" ind1="0" ind2=" ">
    <subfield code="t">Introduction /</subfield>
    <subfield code="r">Hans Ulrich Obrist --</subfield>
    <subfield code="t">Art by instruction and the pre-history of do it /</subfield>
    <subfield code="r">Bruce Altshuler --</subfield>
    <subfield code="t">Progress report /</subfield>
    <subfield code="r">Kate Fowle and Hans Ulrich Obrist --</subfield>
    <subfield code="t">Artists introductions --</subfield>
    <subfield code="t">Do it at TEOR/&#xE9;Tica /</subfield>
    <subfield code="r">Virginia P&#xE9;rez-Ratton --</subfield>
    <subfield code="t">Why do it Chinese version? /</subfield>
    <subfield code="r">Hu Fang and Hans Ulrich Obrist --</subfield>
    <subfield code="t">The evolution of do it /</subfield>
    <subfield code="r">Elizabeth Presa and Hans Ulrich Obrist.</subfield>
  </datafield>
  <datafield tag="520" ind1="8" ind2=" ">
    <subfield code="a">Curated by Hans Ulrich Obrist, 'Do It' began in Paris in 1993 as a conversation between the artists Christian Boltanski and Bertrand Lavier and Obrist himself, who was experimenting with how exhibition formats could be rendered more flexible and open-ended. The discussion led to the question of whether a show could take "scores" or written instructions by artists as a point of departure, which could be interpreted anew each time they were enacted. To test the idea, Obrist invited 13 artists to send instructions, which were then translated into nine different languages and circulated internationally as a book. Within two years, 'Do It' exhibitions were being created all over the world by realizing the artists' instructions. With every version of the exhibition new instructions were added, so that today more than 300 artists have contributed to the project.</subfield>
  </datafield>
  <datafield tag="650" ind1=" " ind2="0">
    <subfield code="a">Conceptual art</subfield>
    <subfield code="v">Exhibitions.</subfield>
    <subfield code="9">439</subfield>
  </datafield>
  <datafield tag="650" ind1=" " ind2="0">
    <subfield code="a">Interactive art</subfield>
    <subfield code="v">Exhibitions.</subfield>
    <subfield code="9">440</subfield>
  </datafield>
  <datafield tag="650" ind1=" " ind2="0">
    <subfield code="a">Art, Modern</subfield>
    <subfield code="y">20th century</subfield>
    <subfield code="v">Exhibitions.</subfield>
    <subfield code="9">441</subfield>
  </datafield>
  <datafield tag="650" ind1=" " ind2="0">
    <subfield code="a">Art, Modern</subfield>
    <subfield code="y">21st century</subfield>
    <subfield code="v">Exhibitions.</subfield>
    <subfield code="9">442</subfield>
  </datafield>
  <datafield tag="650" ind1=" " ind2="0">
    <subfield code="x">arte conceptual- exhibiciones- exposiciones</subfield>
    <subfield code="x">artemoderno- siglo XX-XXI</subfield>
    <subfield code="9">443</subfield>
  </datafield>
  <datafield tag="650" ind1=" " ind2="6">
    <subfield code="a">Art conceptuel</subfield>
    <subfield code="v">Expositions.</subfield>
    <subfield code="9">444</subfield>
  </datafield>
  <datafield tag="650" ind1=" " ind2="6">
    <subfield code="a">Art interactif</subfield>
    <subfield code="v">Expositions.</subfield>
    <subfield code="9">445</subfield>
  </datafield>
  <datafield tag="650" ind1=" " ind2="6">
    <subfield code="a">Art</subfield>
    <subfield code="y">20e si&#xE8;cle</subfield>
    <subfield code="v">Expositions.</subfield>
    <subfield code="9">446</subfield>
  </datafield>
  <datafield tag="650" ind1=" " ind2="6">
    <subfield code="a">Art</subfield>
    <subfield code="y">21e si&#xE8;cle</subfield>
    <subfield code="v">Expositions.</subfield>
    <subfield code="9">447</subfield>
  </datafield>
  <datafield tag="700" ind1="1" ind2=" ">
    <subfield code="a">Obrist, Hans-Ulrich.</subfield>
    <subfield code="9">448</subfield>
  </datafield>
  <datafield tag="710" ind1="2" ind2=" ">
    <subfield code="a">Independent Curators International.</subfield>
    <subfield code="9">449</subfield>
  </datafield>
  <datafield tag="948" ind1="1" ind2=" ">
    <subfield code="a">20130726</subfield>
    <subfield code="b">c</subfield>
    <subfield code="c">rhg9</subfield>
    <subfield code="d">OSMC</subfield>
  </datafield>
  <datafield tag="999" ind1=" " ind2=" ">
    <subfield code="c">86</subfield>
    <subfield code="d">86</subfield>
  </datafield>
  <datafield tag="952" ind1=" " ind2=" ">
    <subfield code="0">0</subfield>
    <subfield code="1">0</subfield>
    <subfield code="2">ddc</subfield>
    <subfield code="4">0</subfield>
    <subfield code="7">0</subfield>
    <subfield code="a">LV</subfield>
    <subfield code="b">LV</subfield>
    <subfield code="c">Pensamiento</subfield>
    <subfield code="d">2014-04-28</subfield>
    <subfield code="l">0</subfield>
    <subfield code="o">702 UL45d</subfield>
    <subfield code="p">003945</subfield>
    <subfield code="r">2014-04-28 00:00:00</subfield>
    <subfield code="w">2014-04-28</subfield>
    <subfield code="y">01</subfield>
  </datafield>
</record>
